003140000a2200109000450008200120000010000220001224500800003426000380011444000290015250000180018100100050019904aB P473v1 aPfarherr, Liliana10a¿Veo veo qué ves? / Liliana Pfarherr ; ilustraciones Claudia Degliuomini aArgentina : Editorial Guadal S.A. 0aCol, el gato de hojalata aLibro de tela1336